Statistics for Top 20 Most Famous FA Cup Winners

Click here to take the quiz!

General Stats

  • This quiz has been taken 585 times
  • The average score is 10 of 20

Answer Stats

% Team % Correct
98Arsenal
97%
98Chelsea
95%
97Liverpool
94%
99Manchester United
93%
86Everton
84%
98Manchester City
82%
77Aston Villa
68%
88Tottenham Hotspur
54%
72Sunderland
54%
64Portsmouth
43%
65Southampton
42%
70Nottingham Forest
41%
81Newcastle United
36%
72Leeds United
36%
75West Ham United
30%
59Blackburn Rovers
22%
73Wigan Athletic
19%
58West Bromwich Albion
17%
54Bolton Wanderers
14%
58Cardiff City
13%

Score Distribution

Percentile by Number Answered

Percent of People with Each Score

Your Score History

You have not taken this quiz